书目信息 |
| 题名: |
珠宝品鉴
|
|
| 作者: | 时涛 , 欧阳明德 编著 | |
| 分册: | ||
| 出版信息: | 北京 中国纺织出版社 2010 |
|
| 页数: | 285页 | |
| 开本: | 24cm | |
| 丛书名: | 品鉴系列丛书 | |
| 单 册: | ||
| 中图分类: | TS933.21 | |
| 科图分类: | ||
| 主题词: | 宝石--鉴赏 , 首饰--鉴赏 , 宝石 , 首饰 | |
| 电子资源: | ||
| ISBN: | 978-7-5064-6292-1 | |
| 000 | 00997oam2 2200301 45 | |
| 001 | 1129218218 | |
| 005 | 20110420091102.58 | |
| 010 | @a978-7-5064-6292-1@dCNY39.80 | |
| 100 | @a20110414d2010 em y0chiy0110 ea | |
| 101 | 0 | @achi |
| 102 | @aCN@b110000 | |
| 105 | @aa z 000yy | |
| 106 | @ar | |
| 200 | 1 | @a珠宝品鉴@AZhu Bao Pin Jian@f时涛,欧阳明德编著@FShi Tao, Ou Yang Ming De Bian Zhu |
| 210 | @a北京@c中国纺织出版社@d2010 | |
| 215 | @a285页@c照片,图@d24cm | |
| 225 | 2 | @a品鉴系列丛书 |
| 330 | @a本书共分为9章,图文并茂地展现了9种精美绝伦的珠宝:璀璨的钻石、瑰丽的红蓝宝石、华丽的祖母绿、耀眼的金绿猫眼石、水恒的黄金、纯净的白金、美丽的白银、简约的珍珠、温润碧绿的翡翠。 | |
| 461 | 0 | @12001 @a品鉴系列丛书 |
| 606 | 0 | @a宝石@x鉴赏 |
| 606 | 0 | @a首饰@x鉴赏 |
| 606 | 0 | @a宝石 |
| 606 | 0 | @a首饰 |
| 690 | @aTS933.21@v4 | |
| 701 | 0 | @a时涛@AShi Tao@4编著 |
| 701 | 0 | @a欧阳明德@AOu Yang Ming De@4编著 |
| 801 | 0 | @aCN@bTANGWEI@c20110420 |
| 905 | @b0537268-72@dTS933.21@e39@f5 | |
| 珠宝品鉴/时涛,欧阳明德编著.-北京:中国纺织出版社,2010 |
| 285页:照片,图;24cm.-(品鉴系列丛书) |
| ISBN 978-7-5064-6292-1:CNY39.80 |
| 本书共分为9章,图文并茂地展现了9种精美绝伦的珠宝:璀璨的钻石、瑰丽的红蓝宝石、华丽的祖母绿、耀眼的金绿猫眼石、水恒的黄金、纯净的白金、美丽的白银、简约的珍珠、温润碧绿的翡翠。 |
| ● |
| 相关链接 |
|
|
|
|
正题名:珠宝品鉴
索取号:TS933.21/39
 
预约/预借
| 序号 | 登录号 | 条形码 | 馆藏地/架位号 | 状态 | 备注 |
| 1 | 0537268 | 205372684 | 第二样本阅览室/ [索取号:TS933.21/39] | 在馆 | |
| 2 | 0537269 | 205372693 | 第三借阅区/ [索取号:TS933.21/39] | 在馆 | |
| 3 | 0537270 | 205372700 | 第三借阅区/ [索取号:TS933.21/39] | 在馆 | |
| 4 | 0537271 | 205372719 | 第三借阅区/ [索取号:TS933.21/39] | 在馆 | |
| 5 | 0537272 | 205372728 | 第三借阅区/ [索取号:TS933.21/39] | 在馆 |